|
|
|
|
| LEADER |
00000nam0a2200000 4500 |
| 001 |
273984 |
| 005 |
20231101234701.0 |
| 035 |
|
|
|a (RuTPU)RU\TPU\book\297194
|
| 090 |
|
|
|a 273984
|
| 100 |
|
|
|a 20141030d1987 k y0rusy50 ca
|
| 101 |
0 |
|
|a rus
|
| 102 |
|
|
|a RU
|
| 105 |
|
|
|a a z 001zy
|
| 200 |
1 |
|
|a Параллельные алгоритмы целочисленной оптимизации
|e [монография]
|f В. И. Хохлюк
|
| 210 |
|
|
|a Москва
|c Радио и связь
|d 1987
|
| 215 |
|
|
|a 224 с.
|c ил.
|
| 320 |
|
|
|a Библиогр.: с. 218-221
|
| 606 |
1 |
|
|a Оптимальные процессы
|x Статистическая теория
|x (автоматика)
|2 stltpush
|3 (RuTPU)RU\TPU\subj\65964
|9 82270
|
| 610 |
1 |
|
|a целочисленная оптимизация
|
| 610 |
1 |
|
|a методы
|
| 610 |
1 |
|
|a прикладные задачи
|
| 610 |
1 |
|
|a преобразования
|
| 610 |
1 |
|
|a вычисления
|
| 610 |
1 |
|
|a распараллеливание
|
| 610 |
1 |
|
|a параллельные алгоритмы
|
| 610 |
1 |
|
|a целочисленные матрицы
|
| 610 |
1 |
|
|a АЛГОЛ-процедуры
|
| 610 |
1 |
|
|a монографии
|
| 675 |
|
|
|a 681.51.01:517
|v 3
|
| 700 |
|
1 |
|a Хохлюк
|b В. И.
|g Виталий Иванович
|
| 801 |
|
1 |
|a RU
|b 63413507
|c 20141030
|
| 801 |
|
2 |
|a RU
|b 63413507
|c 20170117
|g RCR
|
| 942 |
|
|
|c BK
|